Chile y la Convención para la Salvaguardia del Patrimonio Cultural Inmaterial

Saved in:
Bibliografiske detaljer
Institution som forfatter: Consejo Nacional de la Cultura y las Artes (Author)
Format: Bog
Sprog:spansk
Udgivet: Valparaíso Consejo Nacional de la Cultura y las Artes 2008
Serier:Patrimonio
Fag:
Tags: Tilføj Tag
Ingen Tags, Vær først til at tagge denne postø!

MARC

LEADER 00000nam a2200000 a 4500
001 UCH5007
003 CL-VaPUC
008 090916e20080000CL |||||||||||||||||spa|d
020 |a 9789568327453 
082 0 4 |a 306.983  |b CON  |2 21 
110 2 |a Consejo Nacional de la Cultura y las Artes  |e author  |9 541125 
245 1 0 |a Chile y la Convención para la Salvaguardia del Patrimonio Cultural Inmaterial 
300 |a 46 p 
942 |c BK 
945 |d 20090916 00:00:00  |a rbrito 
260 |a Valparaíso  |b Consejo Nacional de la Cultura y las Artes  |c 2008 
650 0 |a Cultura  |9 269059 
650 0 |a Patrimonio cultural  |9 309364 
583 |a last modification  |c 20090916 00:00:00  |k Rodrigo Vera 
490 0 |a Patrimonio 
999 |c 336238  |d 336236 
952 |0 0  |1 0  |4 0  |6 306_983000000000000_CON_2008  |7 0  |8 X  |9 427229  |a FDOMLP  |b FDOMLP  |d 2019-11-22  |i 4601386  |o 306.983 CON 2008  |p 4601386  |r 2019-11-22  |w 2019-11-22  |y BK_X  |k BU2 
952 |0 0  |1 0  |4 0  |6 306_983000000000000_CON_2008  |7 0  |8 X  |9 427230  |a FDOBUD  |b FDOBUD  |d 2019-11-22  |i 4718720  |o 306.983 CON 2008  |p 4718720  |r 2019-11-22  |w 2019-11-22  |y BK_X  |k BUD